LEADER 01184nam a2200277 4500 001 000000362237 003 CaOOAMICUS 005 20250321124528.0 008 250321s2005 it 000 u ita r 020 $a88-348-4330-4 040 $aSeMil$bita 100 1 $aBloch, Ernst,$d<1885-1977>.$0(OLS)http://semarc/name/6474 240 10$aNaturrecht und menschliche Würde.$0(OLS)http://semarc/title/453122 245 10$aDiritto naturale e dignitą umana /$cErnst Bloch ; traduzione italiana di Giovanni Russo. 264 1$aTorino :$bGiappichelli,$c2005. 300 $aXIV, 327 p. ;$c23 cm 490 1 $aRecta ratio. 5. serie ;$v2 700 1 $aRusso, Giovanni,$d<1963- >.$0(OLS)http://semarc/name/22787 830 0$aRecta ratio. 5. serie ;$v2.$0(OLS)http://semarc/title/439002 850 $aSeMil 852 $aSeMil$W1$xVenegono$y1$m2G V 9$j255422$B253163$CSeMilBibl$Z2$F253163 $81 961 $aBuzzi mons. Franco - Omaggio 996 $6020$a88-348-4330-4$9(OLS)http://semarc/number/302821 996 $6245$aDiritto naturale e dignitą umana$9(OLS)http://semarc/title/453123 996 $6264$aTorino :$bGiappichelli$9(OLS)http://semarc/publisher/31793 LEADER 01093nam a2200277 i 4500 001 000000193490 003 CaOOAMICUS 005 20150420000000.0 008 150420s1948 it u000 u lat u 013 $a172133 040 $aSeMil$bita 100 1 $aOldani, Luigi <1905-1976>.$0(OLS)http://semarc/name/1018 245 10$aCatechismus ordinandorum /$cAloysius Oldani. 250 $aeditio 4. 260 $aVenegono Inferiore (VA) :$bLa Scuola Cattolica,$c1948. 300 $a174 p. ;$c17 cm. 500 $aFondo card. Giovanni Colombo. 650 4$aCatechismo della Chiesa Cattolica.$0(OLS)http://semarc/subject/12084 650 4$aOrdinandi.$0(OLS)http://semarc/subject/10472 650 4$aOrdini sacri.$0(OLS)http://semarc/subject/2451 850 $aSeMil 852 $aSeMil$W1$xVenegono$y1$m3GC I 290$j144064$B144064$CSeMilBibl$Z2$F155509 $8B 941 1 $a3 961 $aLascito: Colombo Card. Giovanni 996 $6245$aCatechismus ordinandorum$9(OLS)http://semarc/title/59127 996 $6260$aVenegono Inferiore (VA) :$bLa Scuola Cattolica$9(OLS)http://semarc/publisher/29825